The portable Voltaire : Candide, Zadig, Micromegas plus Letters, essays and selections other works

Zapisane w:
Opis bibliograficzny
1. autor: Voltaire
Format: Książka
Język:Undetermined
Wydane: New York, Estados Unidos Ben Ray Redman 1971
Hasła przedmiotowe:
Etykiety: Dodaj etykietę
Nie ma etykietki, Dołącz pierwszą etykiete!

MARC

LEADER 00000nam a2200000Ia 4500
008 170316s9999 xx 000 0 und d
090 |a 100 V-24p 
100 |a Voltaire 
245 4 |a The portable Voltaire : Candide, Zadig, Micromegas plus Letters, essays and selections other works 
260 |a New York, Estados Unidos 
260 |b Ben Ray Redman 
260 |c 1971 
300 |a 570 páginas 
650 |a FILOSOFÍA 
999 |c 17865  |d 17865 
040 |a cru BVZT 
942 |c 15 D  |h 100 V-24p  |2 z